Catálogo
 En Linea

Juegos florales hispano-dominicanos : discurso leido por el mantenedor por... (Registro nro. 42988)

Detalles MARC
000 -CABECERA
campo de control de longitud fija 00336nam a2200097 a 4500
005 - FECHA Y HORA DE LA ÚLTIMA TRANSACCIÓN
campo de control 20201002044821.0
008 - DATOS DE LONGITUD FIJA--INFORMACIÓN GENERAL
campo de control de longitud fija 140320s1922 000 spa d
040 ## - FUENTE DE LA CATALOGACIÓN
Centro catalogador/agencia de origen DO-SdBNP
245 #0 - MENCIÓN DE TÍTULO
Título Juegos florales hispano-dominicanos : discurso leido por el mantenedor por...
260 ## - PUBLICACIÓN, DISTRIBUCIÓN, ETC.
Lugar de publicación, distribución, etc. España -- Tip. El Progreso - Quirico y Sanabia,
Fecha de publicación, distribución, etc. 1922 -- 15 p.

No hay ítems disponibles.

Con tecnología Koha